000 01620cam a2200505 i 4500
001 56229
003 KOSZ 005
005 20250611132807.0
008 250611s2002 pl a f 001 0 pol
015 _aUWD 2003/1482
020 _a8371974825
035 _a991020135879705066
035 _a(PL-WaBN)b15458520-48omnis_nlop
035 _ab15458520
035 _a(OCoLC)749561432
035 _azz2002983609
035 _a(PL)b0000001545852
035 _a(EXLNZ-48OMNIS_NETWORK)9910253451905606
040 _aWA N
_cWA N
_dKOSZ 005/HR
_dKOSZ 005/RW
046 _k2002
080 _a004.42
080 _a004.915
080 _a(07)
100 1 _aKwaśny, Aleksander
_eAutor
245 1 0 _aDTP :
_bskład, tworzenie plików postscriptowych, druk /
_cAleksander Kwaśny.
260 _aGliwice :
_b"Helion",
_ccopyright 2002.
300 _a452 strony, [8] stron tablic kolorowych :
_bilustracje ;
_c24 cm.
336 _aTekst
_btxt
_2rdacontent
337 _aBez urządzenia pośredniczącego
_bn
_2rdamedia
338 _aWolumin
_bnc
_2rdacarrier
380 _aKsiążki
380 _aPublikacje dydaktyczne
380 _aPublikacje fachowe
388 _a2001-
490 1 _aKsięga Eksperta
504 _aIndeks.
650 7 _aProgramy wydawnicze
_2DBN
655 7 _aPodręcznik
_2DBN
658 _aInformatyka i technologie informacyjne
710 2 _aHelion
_4pbl
830 0 _aKsięga Eksperta
856 _uhttp://koha.tu.koszalin.pl/cgi-bin/koha/opac-detail.pl?biblionumber=56229
_yKatalog online BPK
942 _2UKD
_cKS
999 _c56229
_d56229